Denn︢cia espontńea no contexto da cadeia (normativa) de comunicaȯ̂ jurd̕ica

Detalles Bibliográficos
Autor principal: Camilotti, Jos ̌Renato
Formato: eBook
Lenguaje:portugués
Publicado: San Pablo: Editora Noeses, 2015
Materias:
Acceso en línea:Acceso restringido

MARC

LEADER 00000nam a22000007a 4500
005 20210819133358.0
007 cr|||| ||||
008 210819s2015 br |||||s|||| 00||0 por d
020 |a 978-85-8310-052-2 
035 |a 35106 
040 |a vLex 
090 |c 12066  |d 12066 
100 1 |a Camilotti, Jos ̌Renato 
245 1 0 |a Denn︢cia espontńea no contexto da cadeia (normativa) de comunicaȯ̂ jurd̕ica  |h [Recurso electrn̤ico] /  |c Jos ̌Renato Camilotti  
256 |a Servicio en ln̕ea 
260 |a San Pablo:  |b Editora Noeses,  |c 2015 
300 |a 1 recurso electrn̤ico 
500 |a O autor constri̤ a norma geral e abstrata da denn︢cia espontńea e a insere na sequn̊cia do processo de positivaȯ̂ do direito. 
506 1 |a Disponible solo en los productos indicados  |d vLex Global  |d vLex Global (Academic Edition, excluding Law Schools)  |d vLex Global (U.S. Academic Edition, Law Schools)  |d vLex Global (U.S. Academic Edition, excluding Law Schools)  |d vLex Global (Academic Edition, Law Schools) 
650 0 4 |a Derecho Tributario  |z Brasil 
740 0 |a vLex Libros (Servicio en ln̕ea) 
856 4 0 |u https://app.vlex.com/#/sources/35106  |z Acceso restringido 
942 |c BOOK 
999 0 |a Tax Law